Normal view
MARC view
- Utas, Greg
Entry Personal Name
001 - CONTROL NUMBER
- control field: 104603
003 - CONTROL NUMBER IDENTIFIER
- control field: NUST
005 - DATE AND TIME OF LATEST TRANSACTION
- control field: 20221210112947.0
008 - FIXED-LENGTH DATA ELEMENTS
- fixed length control field: 221210|| aca||aabn | a|a d
040 ## - CATALOGING SOURCE
- Original cataloging agency: NUST
- Transcribing agency: NUST
100 ## - HEADING--PERSONAL NAME
- Personal name: Utas, Greg
670 ## - SOURCE DATA FOUND
- Source citation: Work cat.: (NUST)178671: Utas, Greg., Robust communications software :, c2005.
